« Retourner aux résultats de recherche
Jardins secs
| Auteur principal: | Peter Robinson |
|---|---|
| Support: | Livres |
| Langue: | Francais |
| Publié: |
2000 Mango-Pratique Paris |
| Genre: |
Documentaire |
| Collection: |
Le guide pratique des |
| Sujets: | |
| Étiquettes: |
Ajouter
Pas de Tags !
|
| LEADER | 00707nam0a2200217 450 | ||
|---|---|---|---|
| 001 | 16830480 | ||
| 010 | |a 2-84270-152-6 |b Br. |d 55 F | ||
| 100 | |a 20000211d2000 u u0frey01 ba | ||
| 101 | 0 | |a fre | |
| 102 | |a FR | ||
| 200 | 0 | |a Jardins secs |f Peter Robinson | |
| 207 | 1 | |a | |
| 210 | |a Paris |c Mango-Pratique |d 2000 | ||
| 215 | |a 72 p. |c ill. en coul. |d 24 x 21 cm | ||
| 225 | 1 | |a Le guide pratique des | |
| 300 | |a Index. | ||
| 330 | |a Conseils d'aménagement, de bricolage, d'entretien pour créer un jardin sec. | ||
| 700 | 0 | |a Robinson |b Peter |f 1950-.... |4 70 | |
| 900 | |a Documentaire | ||
| 901 | |a Accessible au prêt | ||
| 995 | |a BD 13 |b 156 |c Bibliothèque |f 00156004813069 |h 00156004813069 |k 635 ROB |o p |q a |r az |e BD 13 | ||
